Optimalizácia podmienok biokatalytickej prípravy fenylacetaldehydu z 2-fenyletanolu

Salvato in:
Dettagli Bibliografici
Autore principale: Sochovičová, Miriam (Autore)
Altri autori: Štefuca, Vladimír (Relatore della tesi)
Natura: Manoscritto Libro
Lingua:slovacco
Pubblicazione: 2021
Soggetti:
Accesso online:http://is.stuba.sk/zp/portal_zp.pl?podrobnosti=157561
Tags: Aggiungi Tag
Nessun Tag, puoi essere il primo ad aggiungerne!!

MARC

LEADER 00000ntm a22000003a 4500
001 stuzp85009
003 SK-STU
005 20210605211157.4
007 ta
008 150427s2015----xo-----f-mn---000-0-slo-d
040 |a STU  |b slo 
041 0 |a slo 
100 1 |a Sochovičová, Miriam  |u 044000  |4 aut  |U FCHPT Fakulta chemickej a potravinárskej technológie  |T FCHPT Ústav biotechnológie  |X 81577  |U C4000  |Y 102  |7 81577 
242 0 1 |a Optimization of conditions of biocatalytic preparation of phenylacetaldehyde  |y eng 
245 1 0 |a Optimalizácia podmienok biokatalytickej prípravy fenylacetaldehydu z 2-fenyletanolu 
260 |c 2021 
650 4 |a produkcia aróm  |2 slo 
650 4 |a fenylacetaldehyd  |2 slo 
650 4 |a 2-fenyletanol  |2 slo 
650 4 |a baktérie octového kvasenia  |2 slo 
650 4 |a Gluconobacter oxydans  |2 slo 
650 4 |a alkoholdehydrogenáza  |2 slo 
650 4 |a aroma production  |2 eng 
650 4 |a phenylacetaldehyde  |2 eng 
650 4 |a 2-phenyletanol  |2 eng 
650 4 |a acetic acid bacteria  |2 eng 
650 4 |a Gluconobacter oxydans  |2 eng 
650 4 |a alcoholdehydrogenase  |2 eng 
700 1 |a Štefuca, Vladimír  |u 044000  |k Z8  |4 ths  |U FCHPT Fakulta chemickej a potravinárskej technológie  |T FCHPT Ústav biotechnológie  |X 3884  |U C4000  |Y 102  |7 3884 
856 4 |u http://is.stuba.sk/zp/portal_zp.pl?podrobnosti=157561